Statistics for Countries Machine Gun Kelly has visited

Click here to take the quiz!

General Stats

  • This quiz has been taken 55 times
    (5 since last reset)
  • The average score is 30 of 33

Answer Stats

ContinentCountry% Correct
OceaniaAustralia
100%
EuropeAustria
100%
EuropeBelgium
100%
South AmericaBrazil
100%
North AmericaCanada
100%
South AmericaChile
100%
EuropeDenmark
100%
EuropeFrance
100%
EuropeGermany
100%
EuropeGreece
100%
EuropeHungary
100%
AsiaIndonesia
100%
EuropeIreland
100%
EuropeItaly
100%
OceaniaNew Zealand
100%
EuropeSpain
100%
EuropeUnited Kingdom
100%
North AmericaUnited States of America
100%
South AmericaArgentina
80%
EuropeCzech Republic
80%
AfricaEgypt
80%
EuropeFinland
80%
AsiaJapan
80%
AfricaKenya
80%
EuropeNorway
80%
EuropePoland
80%
EuropePortugal
80%
EuropeSlovakia
80%
EuropeSweden
80%
AsiaThailand
80%
Europethe Netherlands
80%
EuropeLuxembourg
60%
EuropeSwitzerland
60%

Score Distribution

Percentile by Number Answered

Percent of People with Each Score

Your Score History

You have not taken this quiz since the last reset